Statistiques concernant Territoires Européens dépendants ou sous souveraineté interne

Cliquez ici pour prendre le quiz!

Statistiques générales

  • Ce quiz a été pris 26 fois
  • Le résultat moyen est 4 sur 9

Statistiques - réponses

Territoires% Correct
Gibraltar
92%
Iles Féroé
80%
Ile de Man
60%
Jersey
60%
Guernesey
40%
Svalbard
28%
Åland
24%
Akrotiri
8%
Dhekelia
4%

Distribution des résultats

Percentile par nombre de réponses

% des personnes avec chaque résultat

Votre développement - résultats

Vous n’avez pas pris ce quiz